000 01136nas a2200373 4500
001 BR0304011
003 BR-BrBNA
005 20231205103956.0
007 ta
008 230509b bl.|||p| |||| 00| 00por d
040 _aBR-BrBNA
_bpor
_cBiblioteca Nacional de Agricultura
041 _a(Pt)
072 _aF01; F62; F63
100 1 _aDias, N.O.
100 1 _aMatsumoto, S.N.
100 1 _aRebouças, T.N.H.
100 1 _aViana, A.E.S.
100 1 _aSão José, A.R.
100 1 _aSouza, I.V.B.
245 1 _aInfluência da poda de produção em ramos de diferentes diâmetros no desenvolvimento vegetativo e reprodutivo da pinheira (Annona squamosa L.)
650 _aFRUTA DE CONDE
650 _aPRÁTICA CULTURAL
650 _aPODA
650 _aRAMO
650 _aDIÂMETRO
650 _aINDUÇÃO
650 _aFLORAÇÃO
650 _aFRUTIFICAÇÃO
650 _aREPRODUÇÃO VEGETAL
650 _aCRESCIMENTO
773 0 _tRevista Brasileira de Fruticultura (Brazil)
_xISSN 0100-2945
_g(Apr 2003), v. 25(1) p. 100-103
_wBR0304011
909 _a202311
_bLúcia
_c55
_dLúcia Elande
942 _2AGRIS
_n0
_cANA
999 _c175746
_d175746